Artists That Have Worked with Travis Barker - Statistics

General Stats
  • This quiz has been taken 2 times
  • The average score is 7 of 54
Answer Stats
Artist % Correct
Machine Gun Kelly
100%
Avril Lavigne
50%
Big Sean
50%
Busta Rhymes
50%
Lil Jon
50%
Lil Wayne
50%
Rick Ross
50%
Swizz Beatz
50%
The Game
50%
Twista
50%
Willow Smith
50%
Yelawolf
50%
Yungblud
50%
Amy Shark
0%
Atreyu
0%
Beanie Sigel
0%
Bebe Rexha
0%
Bun B
0%
Caspr
0%
Cheat Codes
0%
DJ Klever
0%
Grandson
0%
Halsey
0%
Hopsin
0%
IAMSU!
0%
Illenium
0%
Jack Kays
0%
James Arthur
0%
Jasiah
0%
Jon Bellion
0%
Kesha
0%
Kid Cudi
0%
Kid Ink
0%
Kobe
0%
Maggie Lindemann
0%
Mod Sun
0%
Nascar Aloe
0%
Pardyalone
0%
Paulo Londra
0%
Paul Wall
0%
Run the Jewels
0%
Skylar Grey
0%
Slash
0%
Steve Aoki
0%
Sueco
0%
Surf Curse
0%
The Score
0%
Tim Armstrong
0%
Tove Stryke
0%
Transplants
0%
Ty Dolla $ign
0%
Tyga
0%
Warren Zeiders
0%
Wiz Khalifa
0%
No matching quizzes found
Score Distribution
Percent of People with Each Score
Percentile by Number Answered
Your Score History
You have not taken this quiz